Представление документа в формате RUSMARC

ПолеНазваниеЗначение
  Тип записи a
  Библиографический уровень m
001 Контрольный номер 4168d8f6a79a4c149525b3e9ae44b61b
005 Дата корректировки 20230707133320.3
010 Индекс ISBN __
a ISBN 978-5-699-88534-3
d Цена 102-96
100 Данные общей обработки __
a Данные общей обработки 20200318d2016####m##y0rusy50######ca
101 Язык документа 0_
a Язык текста rus
102 Страна публикации __
a Страна публикации RU
200 Заглавие и сведения об ответственности 1_
a Заглавие Папина дочка, или Исповедь хорошего отца
e Сведения, относящиеся к заглавию [роман]
f Первые сведения об ответственности Диана Чемберлен
g Последующие сведения об ответственности [перевод с английского И. В. Гюббенет]
210 Выходные данные 1_
a Место издания Москва
c Издательство Э
d Дата издания 2016
215 Физическое описание __
a Объем 348 с.
c Иллюстрации/тип воспроизводства ил.
225 Серия (Журнальная рубрика) 2_
a Серия (Журнальная рубрика) Роман-потрясение Д. Чемберлен и Р. Коулман
300 Общие примечания __
a Общие примечания На обл.: Бестселлер по версии "The Tunday times"
320 Библиография __
a Библиография Другие произведения автора: с. 2
333 Примечание о целевом назначении __
a Примечание о целевом назначении 16+
517 Другие варианты заглавия 1_
a Другие варианты заглавия Исповедь хорошего отца
606 Тематические рубрики __
a Основная рубрика Художественная литература
606 Тематические рубрики __
a Основная рубрика Литература Америки (произведения)
610 Ключевые слова 0_
a Ключевые слова американская литература
a Ключевые слова романы
686 Индексы других классификаций __
a Индекс ББК 84(7Сое)-4
700 Автор _1
a Фамилия Чемберлен
b Имя Д.
g Полное личное имя Диана
f Даты 1950-
801 Источник записи _0
a Страна RU
b Организация Центральная районная библиотека им. Г. А. Пирожникова
g Правила каталогизации PSBO
801 Источник записи _1
a Страна RU
b Организация Центральная районная библиотека им. Г. А. Пирожникова
g Правила каталогизации PSBO
852 Данные о местонахождении __
j Шифр хранения 84(7Сое)
i Авторский знак Ч-42
901 Тип документа __
t Тип документа m
902 Роль лиц __
a Создатель БЗ ОКиО/Шумских